Письмо матери (Запись № 13698091)

Подробности
000 -МАРКЕР
контрольное поле 02924ncm0a2200457 4500
001 - ИДЕНТИФИКАТОР ЗАПИСИ
контрольное поле RU\NLR\ONIZ\308402
005 - ИДЕНТИФИКАТОР ВЕРСИИ
контрольное поле 20260426081101.0
035 ## - ДРУГИЕ СИСТЕМНЫЕ НОМЕРА
Идентификатор записи (NLR Aleph) 022791715
100 ## - ДАННЫЕ ОБЩЕЙ ОБРАБОТКИ
Данные общей обработки 20260426 rusy50
101 0# - ЯЗЫК РЕСУРСА
Язык текста, звукозаписи и т.д. русский
102 ## - СТРАНА ПУБЛИКАЦИИ ИЛИ ПРОИЗВОДСТВА
Страна публикации Российская Федерация
125 ## - ПОЛЕ КОДИРОВАННЫХ ДАННЫХ: ЗВУКОЗАПИСИ И НОТНЫЕ ИЗДАНИЯ
Форма изложения нотного текста a|
128 ## - ПОЛЕ КОДИРОВАННЫХ ДАННЫХ: МУЗЫКАЛЬНАЯ ФОРМА, ТОНАЛЬНОСТЬ И ЛАД
Музыкальная форма li
145 0# - ПОЛЕ КОДИРОВАННЫХ ДАННЫХ: СРЕДСТВО ИСПОЛНЕНИЯ МУЗЫКАЛЬНОГО ПРОИЗВЕДЕНИЯ (УСТАРЕВШЕЕ)
Тип средства исполнения c
200 1# - ЗАГЛАВИЕ И СВЕДЕНИЯ ОБ ОТВЕТСТВЕННОСТИ
Основное заглавие Письмо матери
Общее обозначение материала Ноты
Сведения, относящиеся к заглавию "Ты жива еще моя старушка..."
-- [для голоса с фортепиано]
Первые сведения об ответственности В.Н. Липатов
Последующие сведения об ответственности текст С. Есенина
-- из репертуара Лины Масальской
203 ## - ВИД СОДЕРЖАНИЯ И ТИП СРЕДСТВА
Вид содержания Музыка
Дополнительные сведения об издании
--
Тип средства непосредственная
205 ## - СВЕДЕНИЯ ОБ ИЗДАНИИ
Сведения об издании 2-е изд.
210 ## - ПУБЛИКАЦИЯ, РАСПРОСТРАНЕНИЕ И ДР.
Место издания, распространения и т.д. Ленинград
-- Москва
Имя издателя, распространителя и т. д. Модпик
Дата издания, распространения и т.д. [после 1925]
215 ## - ФИЗИЧЕСКАЯ ХАРАКТЕРИСТИКА
Специфическое обозначение материала и объем 3 с.
Другие сведения о физической характеристике фотопортр.
Размеры 34 см
300 ## - ОБЩИЕ ПРИМЕЧАНИЯ
Текст примечания Фотопортр. Л. Масальской: тит. л.
300 ## - ОБЩИЕ ПРИМЕЧАНИЯ
Текст примечания На тит. л. уведомление: Все авторские права охраняются постановлением ЦИК и СНК СССР от 30 января 1925 г.
313 ## - ПРИМЕЧАНИЯ, ОТНОСЯЩИЕСЯ К ТЕМАТИЧЕСКОМУ ДОСТУПУ
Текст примечания Систематизация документа проведена по изданию - Методика классифицирования музыкальных произведений (нотных изданий) по таблицам Библиотечно-библиографических классификаций : метод. рекомендации / Гос. б-ка СССР им. В.И. Ленина.- М., 1977. Индексу ББК методических рекомендаций присваивается код ББК для научных библиотек - LBC/SL
606 1# - НАИМЕНОВАНИЕ ТЕМЫ КАК ПРЕДМЕТ
Наименование темы Вокальная музыка советская
Хронологический подзаголовок 20-е - 30-е гг. 20 в.
Формальный подзаголовок Ноты
Код системы nlr_sh
606 1# - НАИМЕНОВАНИЕ ТЕМЫ КАК ПРЕДМЕТ
Наименование темы Музыкальные произведения для голоса с фортепиано
Географический подзаголовок Россия
Хронологический подзаголовок 19-20 вв.
Формальный подзаголовок Ноты
Код системы nlr_sh
606 1# - НАИМЕНОВАНИЕ ТЕМЫ КАК ПРЕДМЕТ
Наименование темы Романсы для голоса и фортепиано
Географический подзаголовок СССР
-- Грузия
Хронологический подзаголовок 20 в.
Формальный подзаголовок Ноты
Код системы nlr_sh
-- ca
686 0# - ИНДЕКСЫ ДРУГИХ КЛАССИФИКАЦИЙ
Индекс Щ943.4-42-043.3(2)
700 #1 - ИМЯ ЛИЦА - ПЕРВИЧНАЯ ОТВЕТСТВЕННОСТЬ
Связь между полями z01790
Начальный элемент ввода Липатов
Часть имени, кроме начального элемента ввода В.Н.
Дополнения к именам, кроме дат композитор
Даты 1897-1965
Расширение инициалов личного имени Василий Николаевич
Код отношения Композитор
Графика поля Кириллица
702 #1 - ИМЯ ЛИЦА - ВТОРИЧНАЯ ОТВЕТСТВЕННОСТЬ
Связь между полями z03790
Начальный элемент ввода Есенин
Часть имени, кроме начального элемента ввода С.А.
Даты 1895-1925
Расширение инициалов личного имени Сергей Александрович
Код отношения Лирик
702 #1 - ИМЯ ЛИЦА - ВТОРИЧНАЯ ОТВЕТСТВЕННОСТЬ
Связь между полями z04790
Начальный элемент ввода Масальская
Часть имени, кроме начального элемента ввода Л.
Даты ? -1979
Расширение инициалов личного имени Лина
Код отношения Певец
Графика поля Кириллица
790 #1 - ИМЯ ЛИЦА - АЛЬТЕРНАТИВНАЯ ФОРМА
Связь между полями z01700
Начальный элемент ввода Lipatov
Часть имени, кроме начального элемента ввода V. N.
Даты 1897-1965
Расширение инициалов личного имени Vasilij Nikolaevič
Код отношения Композитор
Графика поля Латинская
790 #1 - ИМЯ ЛИЦА - АЛЬТЕРНАТИВНАЯ ФОРМА
Связь между полями z03702
Начальный элемент ввода Esenin
Часть имени, кроме начального элемента ввода S.A.
Даты 1895-1925
Расширение инициалов личного имени Sergey Aleksandrovich
Код отношения Лирик
790 #1 - ИМЯ ЛИЦА - АЛЬТЕРНАТИВНАЯ ФОРМА
Связь между полями z04702
Начальный элемент ввода Masal`skaja
Часть имени, кроме начального элемента ввода L.
Даты ? -1979
Расширение инициалов личного имени Lina
Код отношения Певец
Графика поля Латинская
801 #0 - ИСТОЧНИК ЗАПИСИ
Страна Российская Федерация
Организация NLR
Дата составления 20251023
Правила каталогизации PSBO
801 #1 - ИСТОЧНИК ЗАПИСИ
Страна Российская Федерация
Организация NLR
Дата составления 20251023
Источник данных rusmarc
801 #2 - ИСТОЧНИК ЗАПИСИ
Страна Российская Федерация
Организация NLR
Дата составления 20251023
852 ## - МЕСТОНАХОЖДЕНИЕ И ШИФР ХРАНЕНИЯ
Идентификатор организации NLR
Шифр хранения (Call Number) М К-4/6695
Идентификатор единицы 274391
Номер экземпляра 1
942 ## - ДОПОЛНИТЕЛЬНЫЕ ЭЛЕМЕНТЫ ЗАПИСИ (АБИС)
Тип экземпляра АБИС Ноты
980 ## - КОЛЛЕКЦИЯ
Название коллекции Отдел нот и звукозаписей
980 ## - КОЛЛЕКЦИЯ
Название коллекции Национальная библиография

Нет доступных экземпляров.